Quizzes
Events
Quiz Creation
Community
Videos
Private Events
Remove Ads
Sign In
Join for FREE
Feedback
Dark Mode
Quiz Categories
Sports
Geography
Music
Movies
Television
Just For Fun
Miscellaneous
History
Literature
Language
Science
Gaming
Entertainment
Religion
Holiday
For Kids
Quiz Lab
Recent
Popular Today
Quiz Kudos Today
Editor Picks
Curator Picks
Quizzes by...
Day
Popularity
Type
Ratings
Length
Year
Community
Subscriptions
Recent Discussions
Orange Saloon
Badges
Playlists
Quests
Create
Leaderboards
Showdown
Live 5
Trivia Bingo
Activity
Puzzle Library
Sporcle Events
Private Events
Virtual Trivia
Globe League
Become a Host
Pub Owners
SporcleCon
Opinionation
Our Games
Videos
Blog
Mobile Apps
Partnerships
Remove Ads and Go Orange
Feedback
Literature
Harry Potter
A Song of Ice and Fire
The Hunger Games
Literary Character
Shakespeare
Book
Author
Novel
Poem
Young Adult
Children's Books
Play
Lord of the Rings
Literature
Harry Potter
A Song of Ice and Fire
The Hunger Games
Literary Character
Shakespeare
Book
Author
Novel
Poem
Young Adult
Children's Books
Play
Lord of the Rings
Random Quiz
Search Sporcle
×
Quiz Lab
Quiz Lab
Literature
Short Story
Type in answers that appear in a list
Type in answers that appear in a list
Classic
Best Score? Go Orange.
Miss Marple short stories Stats
Can you name the Miss Marple short stories?
By
DougEd
5m
20 Questions
101 Plays
101 Plays
101 Plays
Comments
Comments
Give Quiz Kudos
Give Quiz Kudos
-
- Ratings
hide this ad
Replay
Link that replays current quiz
Next Quiz
Link to next quiz in quiz playlist
You Got
0%
They Got
Avg Score
53%
Avg Friend Score
Upgrade to see
Score Distribution
Jump to the score distribution portion of the page
Score
0/20
Timer
05:00
0
Plays Today
Date of publication
Short story title
% Correct
December, 1929
The Blue Geranium
75.2%
May, 1928
The Thumb Mark of St. Peter
60.4%
December, 1927
The Tuesday Night Club
59.4%
January, 1928
The Idol House of Astarte
59.4%
August, 1960
Greenshaw's Folly
58.4%
March, 1928
The Blood-Stained Pavement
55.4%
February, 1942
The Case of the Retired Jeweller, or The Tape-Measure Murder
55.4%
February, 1928
Ingots of Gold
54.5%
October, 1954
Sanctuary
54.5%
February, 1930
The Resurrection of Amy Durrant, or The Companion
52.5%
Date of publication
Short story title
% Correct
May, 1935
Miss Marple Tells a Story
52.5%
January, 1930
A Christmas Tragedy
50.5%
March, 1930
The Herb of Death
50.5%
April, 1942
The Perfect Maid, or The Case of the Perfect Maid
50.5%
November, 1931
Death by Drowning
49.5%
April, 1928
Motive v. Opportunity
48.5%
April, 1930
The Four Suspects
47.5%
May, 1930
The Affair at the Bungalow
46.5%
July, 1944
The Case of the Buried Treasure, or Strange Jest
42.6%
January, 1941
The Case of the Caretaker
41.6%
Quiz Playlist
Details
Report
Send in Message
Add To Playlist
Classic:
Type in answers that appear in a list
Quiz Source
Last Updated: Feb 16, 2017
Quiz Scoreboard
CHALLENGE
Sign Up to Join the Scoreboard
Show All
Scores
Hide
Comments
May contain spoilers
Recently Published
Decade Duel: World Leaders
by jenniferyan
History
4m
Alphabetical 'K' Countries by Flag Minefield
by ylime102
Geography
3m
Pick 6: Fruits
by JohnFran
Miscellaneous
15s
More to Explore
Quiz From the Vault
Featured Blog Post
15 Basketball Trivia Facts You Can Be March Mad About
hide this ad
You Might Also Like...
Tags
Agatha Christie
Miss Marple
Short Story
Today's Top Quizzes in Literature
Browse Literature
hide this ad
Today's Top Quizzes in Short Story
Browse Short Story
Top Contributed Quizzes in Literature
1
Season Plays
2
Pick 3: Harry Potter Hogwarts Quidditch Players
3
Harry Potter Characters: Logic Puzzle
4
Hogwarts Midnight Escape
5
Word Ladder: King's 'The Stand'
6
Harry Potter logic puzzle: Triwizard Tournament
7
Spring Reading List
8
Literature Acrostic Puzzle
9
Criteria Quiz: Harry Potter Gryffindors
10
4-to-1 Blitz: Harry Potter
Explore More
Trending Topics
Disney
Crossword
Harry Potter
Anime
Kpop
NBA
Marvel
Song
The Office
Pokémon
Country
Soccer
WWE
Puzzle
NFL
hide this ad
More By:
DougEd
Quiz
Plays
Rating
Category
Featured
Created
Hanseatic League Members
175
5.00
Geography
Mar 4, 2013
Hercule Poirot short stories and novellas
175
5.00
Literature
Feb 20, 2013
Agatha Christie in Italian
146
5.00
Literature
Jan 16, 2018
Miss Marple short stories
101
5.00
Literature
Feb 14, 2013
Series 1 Episodes of Poirot
37
5.00
Television
Mar 28, 2020
Go to Creator's Profile
Score Distribution
Quiz Creator Spotlight
DougEd
Follow
Send a Message
Quizzes Created
-
Created Quiz Play Count
-
More By This Creator
Popular Quizzes Today
1
Countries of Asia Without Outlines Minefield
2
Find the US States - No Outlines Minefield
3
Pick 6: Fruits
4
Alphabetical 'K' Countries by Flag Minefield
5
The Countries of the World
6
Find the Countries of Europe - No Outlines Minefield
7
Find the US States
8
US States
More Literature Quizzes
Harry Potter Sorting Gallery II
Published
Trending Quizzes
Pick 6: Mountains
Pick 6: Harry Potter
Pick 6: Flags
Pick 6: NFL Teams
Pick 6: Movie Franchises
Recently Updated
Adaptations: Name the Title
pecheneg
NWSL Teams
pecheneg
Women's Final Four Teams by Year
bhenderson79
Presidents Quartet II
eogle
Anything But Clue(do)
eogle
Anything But Oceanian Capitals
eogle
Anything But 7
eogle
Anything But Thing
eogle
Word Ladder: February 29
pecheneg
Song Title Questions
pecheneg
Trending Topics
Crossword
Anime
NBA
Kpop
Marvel
Disney
Harry Potter
Song
The Office
WWE
NFL
Pokémon
Country
Soccer
Puzzle
Your Account Isn't Verified!
In order to create a playlist on Sporcle, you need to verify the email address you used during registration. Go to your
Sporcle Settings
to finish the process.
Report this User
Report this user for behavior that violates our
Community Guidelines
.
Details:
Send Report
Go to the Sporcle.com Mobile Site →
Comments